000 00759cab a2200217 4500
001 ##L132588
008 060221n2006 000 0 eng u
035 _a(Sirsi) u132588
041 0 _aeng
100 1 _aGoldie, Anna
245 0 0 _aYorkshire and north Lincolnshire
_bregional
260 _c2006
490 0 _aProperty Week
_v71(7) 17 February 2006, 73-98(10)
520 _alooks at the redevelopment of a golf course in Bradford; the East Leeds Link Road in the Aire Valley; a concert arena and the leasing office market in Leeds; and commercial property in Rotherham.
650 2 4 _aBRADFORD
650 2 4 _aAIRE VALLEY
650 2 4 _aLEEDS
650 2 4 _aROTHERHAM
690 _aPROPERTY-COMMERCIAL PROPERTY-COMMERCIAL PROPERTY MARKET
942 _n0
999 _c76511
_d76511